Operating Systems Design and Implementation (Record no. 7919)

MARC details
000 -LEADER
fixed length control field 00307nam a2200121Ia 4500
008 - FIXED-LENGTH DATA ELEMENTS--GENERAL INFORMATION
fixed length control field 191201s2013 xx 000 0 und d
100 ## - MAIN ENTRY--PERSONAL NAME
Personal name TANENBAUM,Andrew S
245 #0 - TITLE STATEMENT
Title Operating Systems Design and Implementation
250 ## - EDITION STATEMENT
Edition statement IMP 3rd
260 ## - PUBLICATION, DISTRIBUTION, ETC. (IMPRINT)
Date of publication, distribution, etc 2013
Name of publisher, distributor, etc PHI
Place of publication, distribution, etc New Delhi
300 ## - PHYSICAL DESCRIPTION
Extent 1054
942 ## - ADDED ENTRY ELEMENTS (KOHA)
Source of classification or shelving scheme Dewey Decimal Classification
Koha item type Text Books
Holdings
Withdrawn status Lost status Source of classification or shelving scheme Damaged status Not for loan Collection code Home library Current library Date acquired Source of acquisition Cost, normal purchase price Bill Number Total Checkouts Full call number Acc. no. / Barcode Date last seen Actual Cost, discounted price Bill Date Koha item type Date last borrowed
    Dewey Decimal Classification     BCA PIET C-LIBRARY PIET C-LIBRARY 23/07/2014 Orange Books International 595.00 4540   005.43 TAO BC1019 04/12/2019 416.50 23/07/2014 Text Books  
    Dewey Decimal Classification     BCA PIET C-LIBRARY PIET C-LIBRARY 23/07/2014 Orange Books International 595.00 4540   005.43 TAO BC1020 04/12/2019 416.50 23/07/2014 Text Books  
    Dewey Decimal Classification     BCA PIET C-LIBRARY PIET C-LIBRARY 23/07/2014 Orange Books International 595.00 4540 2 005.43 TAO BC1021 04/04/2024 416.50 23/07/2014 Text Books 28/03/2024

Design & Developed by: PIET Central Library
R70 Miles Stone Pattikalyana Samalkha Panipat 132102
mail ID :- [email protected], Phone No:- 0180-2569700 Ex.216